Guess The Old Flags (Difficulty Extreme) - Statistics

General Stats
  • This quiz has been taken 526 times
  • The average score is 4 of 7
Answer Stats
Picture Answer % Correct
Democratic Republic Of The Congo
83%
Switzerland
66%
Lithuania
62%
Moldova
60%
Italy
55%
Nicaragua
39%
Samoa
15%
No matching quizzes found
Score Distribution
Percent of People with Each Score
Percentile by Number Answered
Your Score History
You have not taken this quiz